01342 a2200205 4500001000500000005001700005008004100022003001500063040004000078080005600118245006700174020002200241250001100263264005900274300001900333505063000352100002400982700002101006856010901027197520260407155422.0260407a1997 arg spa dAR-UNSa-BCEJYS aAR-UNSa-BCEJYSbspacAR-UNSa-BCEJYS a336.14xPresupuesto público. Presupuesto nacional10aPresupuesto y controlpPautas de reforma para América Latina a978-1-886938-28-1 a1a. ed 1aWashington :bBanco Interamericano de Desarrolloc1997 a476 p.c23 cm. a1. Discusión de las teorías centrales - 2. Estados Unidos de América - 3. Canadá - 4. Reino Unido - 5. Suecia - 6. Australia - 7. Nueva Zelanda - 8. España - 9. La experiencia de los países industrializados: recapitulación - 10. Argentina - 11. Brasil - 12. Chile - 13. Colombia - 14. México - 15. Venezuela - 16. La experiencia de los países latinoamericanos: resumen comparativo - 17. La integralidad del presupuesto - 18. El presupuesto y los fines de la política económica - 19. Las preferencias de los votantes y la transparencia presupuestaria - 20. Horizontes futuros, estrategias de reforma1 aPetrei, Humberto A.1 aPetrei, Romeo E.41uhttps://biblioeco.unsa.edu.ar/pmb/images/libros/Presupuesto y Control.jpgyImagen de portadaqimage/jpeg